书目信息 |
| 题名: |
周佛海日记
|
|
| 作者: | 蔡德金 编注 | |
| 分册: | 上 | |
| 出版信息: | 北京 中国社会科学出版社 1986 |
|
| 页数: | 631页 | |
| 开本: | 20cm | |
| 丛书名: | 中国第二历史档案馆中华民国史料丛刊 | |
| 单 册: | ||
| 中图分类: | K827.6 , K265.6506 , K265.2 | |
| 科图分类: | ||
| 主题词: | 抗日战争--中国--史料 , 中国--历史 | |
| 电子资源: | ||
| ISBN: | ||
| 000 | 00872nam2 2200313 45 | |
| 001 | 0186011896 | |
| 005 | 20040518082049.4 | |
| 010 | @b精装@dCNY10.00 | |
| 091 | @a11190.173 | |
| 100 | @a19930909d1986 emky0chiy0121 ea | |
| 101 | 0 | @achi |
| 102 | @aCN@b110000 | |
| 105 | @af z 001yd | |
| 106 | @ar | |
| 200 | 10 | @a周佛海日记@h上@Azhou fo hai ri ji@f蔡德金编注 |
| 210 | @a北京@c中国社会科学出版社@d1986 | |
| 215 | @a631页@c照片@d20cm | |
| 225 | 2 | @a中国第二历史档案馆中华民国史料丛刊 |
| 410 | 0 | @120010@a中国第二历史档案馆中华民国史料丛刊 |
| 600 | 0 | @a周佛海@x生平事迹 |
| 606 | @a抗日战争@y中国@x史料 | |
| 606 | 0 | @a中国@x历史 |
| 690 | @aK827.6@v3 | |
| 690 | @aK265.6506@v3 | |
| 690 | @aK265.2@v3 | |
| 701 | 0 | @a蔡德金@Acai de jin@4编注 |
| 801 | 0 | @aCN@b深圳图书馆@c20040517 |
| 801 | 2 | @aCN@bNLC@c20040517 |
| 905 | @dK265.2@e14:1≈2@f1@b257013 | |
| 周佛海日记.上/蔡德金编注.-北京:中国社会科学出版社,1986 |
| 631页:照片;20cm.-(中国第二历史档案馆中华民国史料丛刊) |
| ISBN (精装):CNY10.00 |
| ● |
| 相关链接 |
|
|
|
|
正题名:周佛海日记
索取号:K265.2/14:1≈2
 
预约/预借
| 序号 | 登录号 | 条形码 | 馆藏地/架位号 | 状态 | 备注 |
| 1 | 0257013 | 000355555 | 第二借阅区/ [索取号:K265.2/14:1≈2] | 在馆 | |
| 2 | 0257014 | 001574102 | 第二样本阅览室/ [索取号:K265.2/14:1≈2] | 在馆 |